[Event "Staffordshire Centenary"]
[Site "Walsall"]
[Date "1997.04.04"]
[Round "8"]
[White "Richardson, John R"]
[Black "Anderton, David William"]
[Result "0-1"]
[WhiteElo "2360"]
[BlackElo "2200"]
[PlyCount "101"]
[EventDate "1997.03.28"]
[EventType "schev"]
[EventRounds "9"]
[EventCountry "ENG"]
[SourceTitle "BritBase"]
[Source "John Saunders"]
[SourceDate "2023.12.16"]
[SourceVersion "1"]
[SourceVersionDate "2023.12.16"]
[SourceQuality "1"]

1. d4 f5 2. g3 Nf6 3. Bg2 g6 4. Nf3 Bg7 5. O-O O-O 6. c4 d6 7. Nc3 Qe8 8. d5
Na6 9. Rb1 Nc5 10. Nd4 a5 11. Ncb5 Qd8 12. b3 Bd7 13. Bb2 Qc8 14. e3 c6 15. Nc3
Qc7 16. a3 e5 17. dxe6 Nxe6 18. Nde2 Rad8 19. b4 axb4 20. axb4 Be8 21. Qa4 g5
22. Ra1 f4 23. exf4 gxf4 24. Qa5 Qf7 25. Qf5 Nd7 26. Qxf7+ Rxf7 27. Bh3 Ng5 28.
Nxf4 Rxf4 29. Bxd7 Rxc4 30. Bxe8 Rxe8 31. Rac1 Rxb4 32. Ba1 d5 33. Rfd1 Ra8 34.
Ne2 Ra2 35. Bxg7 Kxg7 36. Nf4 Rbb2 37. Nd3 Rd2 38. Rxd2 Rxd2 39. Rc3 Ne4 40.
Rb3 b5 41. Ne5 c5 42. Rxb5 c4 43. f3 Nd6 44. Rc5 Kf6 45. Nd7+ Ke6 46. Nf8+ Ke5
47. Nxh7 Kd4 48. Rc6 Nf5 49. Ng5 Kd3 50. f4 Ne3 51. Nf7 0-1

[Event "Staffordshire Centenary"]
[Site "Walsall"]
[Date "1997.04.05"]
[Round "9"]
[White "Bellin, Robert"]
[Black "Arkell, Keith C"]
[Result "1/2-1/2"]
[WhiteElo "2400"]
[BlackElo "2545"]
[PlyCount "25"]
[EventDate "1997.03.28"]
[EventType "schev"]
[EventRounds "9"]
[EventCountry "ENG"]
[SourceTitle "BritBase"]
[Source "John Saunders"]
[SourceDate "2023.12.16"]
[SourceVersion "1"]
[SourceVersionDate "2023.12.16"]
[SourceQuality "1"]

1. e4 c6 2. Nc3 d5 3. Nf3 Bg4 4. h3 Bxf3 5. Qxf3 Nf6 6. g3 e6 7. Bg2 Be7 8. O-O
O-O 9. Rd1 Nbd7 10. d4 dxe4 11. Nxe4 Nxe4 12. Qxe4 Nf6 13. Qe2 1/2-1/2

[Event "Staffordshire Centenary"]
[Site "Walsall"]
[Date "1997.04.05"]
[Round "9"]
[White "Dunnington, Angus J"]
[Black "Richardson, John R"]
[Result "1/2-1/2"]
[WhiteElo "2445"]
[BlackElo "2360"]
[PlyCount "54"]
[EventDate "1997.03.28"]
[EventType "schev"]
[EventRounds "9"]
[EventCountry "ENG"]
[SourceTitle "BritBase"]
[Source "John Saunders"]
[SourceDate "2023.12.16"]
[SourceVersion "1"]
[SourceVersionDate "2023.12.16"]
[SourceQuality "1"]

1. Nf3 Nf6 2. g3 d5 3. Bg2 e6 4. O-O c5 5. d3 Be7 6. Nbd2 Nc6 7. e4 O-O 8. Re1
dxe4 9. dxe4 e5 10. c3 Be6 11. Qc2 Qd7 12. Ng5 Bg4 13. Nc4 h6 14. Nf3 Qe6 15.
Ne3 Bh3 16. Bh1 Rfd8 17. b3 Rd7 18. Bb2 Rad8 19. Rad1 Rxd1 20. Rxd1 Rxd1+ 21.
Nxd1 Ng4 22. Bg2 Bxg2 23. Kxg2 c4 24. h3 Nf6 25. Ne3 cxb3 26. axb3 Bc5 27. Bc1
b5 1/2-1/2

[Event "Staffordshire Centenary"]
[Site "Walsall"]
[Date "1997.04.05"]
[Round "9"]
[White "Grant, Jonathan"]
[Black "Cooper, Lawrence"]
[Result "1-0"]
[WhiteElo "2275"]
[BlackElo "2365"]
[PlyCount "151"]
[EventDate "1997.03.28"]
[EventType "schev"]
[EventRounds "9"]
[EventCountry "ENG"]
[SourceTitle "BritBase"]
[Source "John Saunders"]
[SourceDate "2023.12.16"]
[SourceVersion "1"]
[SourceVersionDate "2023.12.16"]
[SourceQuality "1"]

1. c4 e5 2. Nc3 Nf6 3. Nf3 Nc6 4. g3 d5 5. cxd5 Nxd5 6. Bg2 Nb6 7. O-O Be7 8.
Rb1 a5 9. b3 O-O 10. Bb2 Be6 11. d3 f5 12. Nd2 Nd5 13. Nc4 Nxc3 14. Bxc3 Bd5
15. e4 fxe4 16. Bxe4 Bf6 17. Qg4 Bxe4 18. dxe4 Qc8 19. Qxc8 Rfxc8 20. Rbd1 b5
21. Ne3 a4 22. b4 Rd8 23. Nd5 Rac8 24. Rd3 Kf7 25. f4 Ke6 26. Rfd1 exf4 27.
Nxf4+ Ke7 28. Nd5+ Ke6 29. Bxf6 gxf6 30. Rf1 Ke5 31. Rdd1 Rd6 32. Kg2 Rcd8 33.
Rc1 f5 34. Rc5 fxe4 35. Ne7+ Ke6 36. Nxc6 Rd2+ 37. Rf2 R8d3 38. Ne5 Rxf2+ 39.
Kxf2 Rd2+ 40. Ke3 Rxa2 41. Ng4 Rb2 42. Rxb5 a3 43. Ra5 a2 44. Kxe4 Rxb4+ 45.
Kf3 Rb2 46. h4 Kd6 47. Ne3 Kc6 48. Ke4 h5 49. Kd3 Kb7 50. Kc3 Rf2 51. Ra3 c5
52. Nc2 Rg2 53. Kb2 a1=R 54. Rxa1 Rxg3 55. Ra4 Kc6 56. Kc1 Kd5 57. Kd2 Rg2+ 58.
Kd1 Ke5 59. Ne1 Rg3 60. Ke2 Kf5 61. Rc4 Ra3 62. Nd3 Ra2+ 63. Kf3 Ra3 64. Rxc5+
Kg6 65. Rd5 Kf6 66. Rd4 Kf5 67. Kg3 Rb3 68. Rf4+ Kg6 69. Rf3 Rb1 70. Ne5+ Kg7
71. Rf7+ Kh6 72. Rf6+ Kh7 73. Kf4 Kg7 74. Rg6+ Kh7 75. Kg5 Re1 76. Re6 1-0

[Event "Staffordshire Centenary"]
[Site "Walsall"]
[Date "1997.04.05"]
[Round "9"]
[White "Hunt, Harriet V"]
[Black "Arakhamia-Grant, Ketevan"]
[Result "1-0"]
[WhiteElo "2330"]
[BlackElo "2490"]
[PlyCount "115"]
[EventDate "1997.03.28"]
[EventType "schev"]
[EventRounds "9"]
[EventCountry "ENG"]
[SourceTitle "BritBase"]
[Source "John Saunders"]
[SourceDate "2023.12.16"]
[SourceVersion "1"]
[SourceVersionDate "2023.12.16"]
[SourceQuality "1"]

1. e4 c5 2. Nf3 Nc6 3. d4 cxd4 4. Nxd4 e6 5. Nc3 d6 6. Be2 Nf6 7. O-O a6 8. a4
Be7 9. Be3 Qc7 10. f4 O-O 11. Kh1 Re8 12. Bf3 Rb8 13. g4 Nxd4 14. Bxd4 e5 15.
Be3 exf4 16. Bxf4 Be6 17. g5 Nd7 18. Bg2 Ne5 19. Nd5 Bxd5 20. Qxd5 Bf8 21. Ra3
b5 22. Rc3 Qa7 23. Bc1 bxa4 24. Qa5 Rbc8 25. Rxc8 Rxc8 26. Qxa4 a5 27. c3 g6
28. Qd1 a4 29. Qd2 Qc7 30. Qd5 Bg7 31. Bf4 Nc4 32. Rf2 Be5 33. Bc1 Qa7 34. Rf3
Rc5 35. Qd3 Rc7 36. Qd5 Rc5 37. Qd1 Rc7 38. Bf1 Nb6 39. Be3 Rc6 40. Bb5 Rc8 41.
Qf1 a3 42. bxa3 Rxc3 43. Bxb6 Qxb6 44. Rxf7 Rc1 45. Rf8+ Kg7 46. Qxc1 Qxb5 47.
Rf2 Qb7 48. Qc4 Qe7 49. Rf3 Qb7 50. Rb3 Qe7 51. h4 Qf8 52. Kg2 h6 53. Rb7+ Kh8
54. Qc7 Qg7 55. Qc8+ Qg8 56. Qxg8+ Kxg8 57. gxh6 Bf4 58. a4 1-0

[Event "Staffordshire Centenary"]
[Site "Walsall"]
[Date "1997.04.05"]
[Round "9"]
[White "Lalic, Bogdan"]
[Black "Bellin, Jana"]
[Result "1-0"]
[WhiteElo "2585"]
[BlackElo "2180"]
[PlyCount "87"]
[EventDate "1997.03.28"]
[EventType "schev"]
[EventRounds "9"]
[EventCountry "ENG"]
[SourceTitle "BritBase"]
[Source "John Saunders"]
[SourceDate "2023.12.16"]
[SourceVersion "1"]
[SourceVersionDate "2023.12.16"]
[SourceQuality "1"]

1. Nf3 Nf6 2. c4 b6 3. Nc3 Bb7 4. d4 e6 5. a3 d5 6. Bg5 Be7 7. Qa4+ c6 8. Bxf6
Bxf6 9. cxd5 exd5 10. g3 O-O 11. Bg2 Nd7 12. O-O Re8 13. Rfd1 a5 14. e3 b5 15.
Qc2 Nb6 16. a4 b4 17. Ne2 Nc4 18. Nf4 Qb6 19. Nd3 Rac8 20. Rac1 Qd8 21. Nc5 Ba8
22. Nd2 Nd6 23. Qd3 Nb7 24. Ndb3 Qc7 25. Nxb7 Qxb7 26. Rc5 Bd8 27. Bh3 Rb8 28.
Nxa5 Qa7 29. Nxc6 Bxc6 30. Rxc6 Qxa4 31. Ra6 Ba5 32. Ra7 Red8 33. b3 Qb5 34.
Qf5 Rb7 35. Bf1 Qb6 36. Ra6 Qc7 37. Rd2 Bb6 38. Rc2 Qe7 39. Rc8 g6 40. Qc2 Kg7
41. Rxd8 Bxd8 42. Qc6 Qd7 43. Bb5 Qxc6 44. Bxc6 1-0

[Event "Staffordshire Centenary"]
[Site "Walsall"]
[Date "1997.04.05"]
[Round "9"]
[White "Motwani, Paul"]
[Black "Anderton, David William"]
[Result "1/2-1/2"]
[WhiteElo "2490"]
[BlackElo "2200"]
[PlyCount "50"]
[EventDate "1997.03.28"]
[EventType "schev"]
[EventRounds "9"]
[EventCountry "ENG"]
[SourceTitle "BritBase"]
[Source "John Saunders"]
[SourceDate "2023.12.16"]
[SourceVersion "1"]
[SourceVersionDate "2023.12.16"]
[SourceQuality "1"]

1. d4 Nf6 2. c4 e6 3. Nf3 b6 4. Nc3 Bb4 5. Qb3 a5 6. Bg5 h6 7. Bh4 Bb7 8. O-O-O
Qe7 9. a3 Bxc3 10. Qxc3 d6 11. d5 e5 12. Qc2 a4 13. Nd2 Nbd7 14. f3 Nc5 15. e4
Bc8 16. Bf2 Nfd7 17. Be2 Nb7 18. Nf1 Ndc5 19. g4 g6 20. Ng3 Nb3+ 21. Kb1 N7c5
22. h4 Bd7 23. Be3 O-O-O 24. h5 g5 25. Bf1 Kb7 1/2-1/2

[Event "Staffordshire Centenary"]
[Site "Walsall"]
[Date "1997.04.05"]
[Round "9"]
[White "Rowson, Jonathan"]
[Black "Kelly, Brian R"]
[Result "1/2-1/2"]
[WhiteElo "2445"]
[BlackElo "2400"]
[PlyCount "61"]
[EventDate "1997.03.28"]
[EventType "schev"]
[EventRounds "9"]
[EventCountry "ENG"]
[SourceTitle "BritBase"]
[Source "John Saunders"]
[SourceDate "2023.12.16"]
[SourceVersion "1"]
[SourceVersionDate "2023.12.16"]
[SourceQuality "1"]

1. e4 c5 2. Nf3 e6 3. b3 d6 4. Bb2 Nf6 5. Bb5+ Bd7 6. Bxd7+ Nbxd7 7. Qe2 a6 8.
O-O Be7 9. c4 O-O 10. d4 cxd4 11. Nxd4 Re8 12. Nc3 Bf8 13. Rad1 Qc7 14. Qf3 b6
15. Rfe1 Qb7 16. Re3 Rac8 17. Rde1 Qb8 18. Qe2 g6 19. Rd1 Bg7 20. Nc2 Rcd8 21.
Nb4 Qc8 22. Ba3 Nc5 23. Nd3 Nfd7 24. Bb2 Qc7 25. Rg3 Nxd3 26. Rgxd3 Nc5 27. Rh3
Qc6 28. b4 Nd7 29. b5 axb5 30. cxb5 Qc7 31. Rc1 1/2-1/2